Normal view
MARC view
- Detjen, Mary Ford
Entry Personal Name
001 - CONTROL NUMBER
- control field: 17611
003 - CONTROL NUMBER IDENTIFIER
- control field: OSt
005 - DATE AND TIME OF LATEST TRANSACTION
- control field: 20110216141551.0
008 - FIXED-LENGTH DATA ELEMENTS
- fixed length control field: 110216|||a|||||| | ||| d
040 ## - CATALOGING SOURCE
- Original cataloging agency: OSt
- Transcribing agency: OSt
100 ## - HEADING--PERSONAL NAME
- Personal name: Detjen, Mary Ford
670 ## - SOURCE DATA FOUND
- Source citation: Work cat.: (OSt): Detjen, Ervin Winfred,1906- 17610, Elementry school guidance, 1963
670 ## - SOURCE DATA FOUND
- Source citation: Work cat.: (OSt): Detjen, Ervin Winfred,1906- 17610, Elementry school guidance, 1963
